Chile: 5 navegantes y 1 astrónomo

Guardat en:
Dades bibliogràfiques
Autor principal: Rojas, Manuel (Autor)
Format: Llibre
Idioma:espanyol
Publicat: Santiago Zig-Zag 1956
Col·lecció:Biblioteca Cultura
Matèries:
Etiquetes: Afegir etiqueta
Sense etiquetes, Sigues el primer a etiquetar aquest registre!

MARC

LEADER 00000nam a2200000 a 4500
001 UCQ7171
003 CL-VaPUC
005 20250225122305.0
008 981031e19560000CL |||||||||||||||||spa|d
999 |c 276929  |d 276927 
040 |c Pontificia Universidad Católica de Valparaíso 
082 0 4 |a 983  |b ROJ  |2 21 
100 0 |a Rojas, Manuel  |e author  |9 313776 
245 1 0 |a Chile: 5 navegantes y 1 astrónomo 
260 |a Santiago  |b Zig-Zag  |c 1956 
300 |a 207 p 
490 0 |a Biblioteca Cultura 
583 |a last modification  |c 19981031 00:00:00  |k Rodrigo Vera 
600 0 7 |a BYRON, JOHN  |2 CL-VaPUC  |9 421021 
600 0 7 |a Lafond de Lurcy, Gabriel  |d 1802-1876  |9 859839 
600 0 7 |a SMITH, EDMOND REUEL  |2 CL-VaPUC  |9 421023 
600 0 7 |a BROWNE, HENRY  |2 CL-VaPUC  |9 421024 
600 0 7 |a HALL, BASILIO  |2 CL-VaPUC  |9 421025 
600 0 7 |a PLUSCHOW, GUNTHER  |2 CL-VaPUC  |9 421026 
650 7 |a GEOGRAFIA CHILENA  |2 CL-VaPUC  |9 421027 
650 0 |a Crónicas de viajes  |9 350185 
651 7 |a CHILE  |2 CL-VaPUC  |9 421028 
651 0 |a Valdivia (Chile)  |9 268941 
651 0 |a Tierra del Fuego   |9 345728 
852 |a BIBCUR 
942 |c BK  |2 ddc 
945 |d 19981031 00:00:00  |a crobeson 
952 |0 0  |1 0  |4 0  |6 983_000000000000000_ROJ_1956  |7 0  |8 A  |9 314547  |a BIBEDU  |b BIBEDU  |d 2019-11-20  |i 1487205  |o 983 ROJ 1956  |p 1487205  |r 2019-11-20  |w 2019-11-20  |y BK  |k LIT 
952 |0 0  |1 0  |4 0  |6 983_000000000000000_ROJ_1956  |7 0  |8 A  |9 314548  |a BIBHIS  |b BIBHIS  |d 2019-11-20  |i 4722736  |o 983 ROJ 1956  |p 4722736  |r 2025-01-20  |w 2019-11-20  |y BK  |k HIS